000 00379nam a2200145Ia 4500
008 230917s9999||||xx |||||||||||||| ||und||
040 _e228307
_aMAIN
041 _aEnglish
082 _a581.82 B469P
100 _aBhojwani, Sant Saran
245 0 _aPlant tissue culture : An introductory text
260 _aNew Delhi
_bSpringer
_c2013
300 _axvii, 309 p.
942 _cBK
999 _c178030
_d178030